[Event "Mediterranean-ch 13th"]
[Site "Platja d'Aro"]
[Date "2023.11.11"]
[Round "9"]
[White "Garcia Ramos, Daniel"]
[Black "Alonso Gimenez, Mauro"]
[Result "1-0"]
[WhiteElo "2461"]
[BlackElo "1933"]
[PlyCount "81"]
[EventDate "2023.11.04"]
[EventType "swiss"]
[EventRounds "9"]
[EventCountry "ESP"]
[SourceTitle "CB46_2023"]
[SourceDate "2023.11.15"]
[SourceVersion "1"]
[SourceVersionDate "2023.11.15"]
[SourceQuality "1"]

1. e4 c5 2. Nf3 Nc6 3. d4 cxd4 4. Nxd4 e5 5. Nb5 d6 6. c4 a6 7. N5c3 Be7 8. Be3 Nf6 9. Be2 0-0 10. 0-0 Be6 11. h3 Rc8 12. Qd2 Qa5 13. Rd1 b5 14. cxb5 axb5 15. Nxb5 Nxe4 16. Qxa5 Nxa5 17. N1c3 Nxc3 18. Nxc3 Rb8 19. b3 f5 20. Nd5 Bxd5 21. Rxd5 Nc6 22. Bc4 Kh8 23. a4 Nb4 24. a5 f4 25. Bb6 Nxd5 26. Bxd5 g5 27. b4 h5 28. b5 g4 29. hxg4 hxg4 30. Rb1 g3 31. Bc7 Rxb5 32. Rxb5 Rc8 33. Rb8 Rxb8 34. Bxb8 Bd8 35. a6 Bb6 36. Bxd6 Bxf2+ 37. Kf1 Kg7 38. Bxe5+ Kg6 39. Bxf4 Kf5 40. Bxg3 Ba7 41. Bf2 1-0

[Event "Mediterranean-ch 13th"]
[Site "Platja d'Aro"]
[Date "2023.11.10"]
[Round "8"]
[White "Alonso Gimenez, Mauro"]
[Black "Moran Cabezas, Eric"]
[Result "1-0"]
[WhiteElo "1933"]
[BlackElo "1736"]
[PlyCount "45"]
[EventDate "2023.11.04"]
[EventType "swiss"]
[EventRounds "9"]
[EventCountry "ESP"]
[SourceTitle "CB46_2023"]
[SourceDate "2023.11.15"]
[SourceVersion "1"]
[SourceVersionDate "2023.11.15"]
[SourceQuality "1"]

1. e4 e5 2. Bc4 Nf6 3. d3 Nc6 4. Nc3 d6 5. Nge2 Be7 6. 0-0 Na5 7. f4 Nxc4 8. dxc4 Bg4 9. h3 Bxe2 10. Qxe2 Qd7 11. f5 c6 12. Bg5 0-0-0 13. a4 Nd5 14. cxd5 Bxg5 15. b4 Qc7 16. b5 c5 17. a5 Kd7 18. b6 Qb8 19. a6 bxa6 20. bxa7 Qb4 21. Qxa6 Be3+ 22. Kh1 Ke7 23. f6+ 1-0

[Event "Mediterranean-ch 13th"]
[Site "Platja d'Aro"]
[Date "2023.11.06"]
[Round "4"]
[White "Leon Escoda, Manuel"]
[Black "Alonso Gimenez, Mauro"]
[Result "0-1"]
[WhiteElo "1682"]
[BlackElo "1933"]
[PlyCount "62"]
[EventDate "2023.11.04"]
[EventType "swiss"]
[EventRounds "9"]
[EventCountry "ESP"]
[SourceTitle "CB46_2023"]
[SourceDate "2023.11.15"]
[SourceVersion "1"]
[SourceVersionDate "2023.11.15"]
[SourceQuality "1"]

1. e4 e5 2. Nf3 Qe7 3. Bc4 g6 4. 0-0 Bg7 5. d4 d6 6. Nc3 c6 7. dxe5 dxe5 8. Bg5 Nf6 9. Qe2 0-0 10. Rad1 Nbd7 11. Rd2 b5 12. Bb3 a5 13. a4 b4 14. Nb1 Nc5 15. Bxf6 Bxf6 16. Qe3 Nxb3 17. cxb3 Be6 18. Rc1 c5 19. Rdc2 Rac8 20. Nbd2 Rfd8 21. Rxc5 Rxc5 22. Rxc5 Rxd2 23. Nxd2 Bg5 24. f4 Bxf4 25. Qf2 Bxd2 26. Rxa5 Qg5 27. h4 Qh6 28. Qf6 Be3+ 29. Kf1 Qf8 30. Ke2 Bd4 31. Rxe5 Qb8 0-1

[Event "Mediterranean-ch 13th"]
[Site "Platja d'Aro"]
[Date "2023.11.05"]
[Round "3"]
[White "Alonso Gimenez, Mauro"]
[Black "Hernando Rodrigo, Julio Antonio"]
[Result "0-1"]
[WhiteElo "1933"]
[BlackElo "2200"]
[PlyCount "126"]
[EventDate "2023.11.04"]
[EventType "swiss"]
[EventRounds "9"]
[EventCountry "ESP"]
[SourceTitle "CB46_2023"]
[SourceDate "2023.11.15"]
[SourceVersion "1"]
[SourceVersionDate "2023.11.15"]
[SourceQuality "1"]

1. e4 c5 2. Nc3 e6 3. Nf3 Nc6 4. Bb5 Nge7 5. 0-0 a6 6. Bxc6 Nxc6 7. d4 cxd4 8. Nxd4 Be7 9. Nxc6 bxc6 10. e5 0-0 11. Qg4 f6 12. Bf4 Kh8 13. Rad1 f5 14. Qh5 g6 15. Qh6 g5 16. Bc1 Rg8 17. Rd3 Rg6 18. Qh5 Qg8 19. Na4 Rb8 20. Be3 Rb5 21. c4 Rxe5 22. Bd4 Bf6 23. Bxe5 Bxe5 24. Qe2 Bc7 25. c5 e5 26. Nb6 e4 27. Rdd1 d5 28. cxd6 Bxb6 29. d7 Bb7 30. Qd2 Qd8 31. Qc3+ Rg7 32. Qb3 Rg8 33. a4 a5 34. Qc3+ Rg7 35. Qb3 Rg8 36. Qc3+ Rg7 37. b4 Ba6 38. bxa5 Bc7 39. Qxc6 Bd3 40. a6 Qxd7 41. Rc1 Qxc6 42. Rxc6 Bxf1 43. Kxf1 Bb8 44. Ke2 Ba7 45. Rc8+ Rg8 46. Rc7 Ra8 47. h4 h6 48. h5 f4 49. Rc6 Kg7 50. Rc7+ Kf6 51. Rc6+ Kf5 52. Rxh6 Rb8 53. Rh7 Rb2+ 54. Kd1 Bxf2 55. a7 Bxa7 56. Rxa7 Rxg2 57. Rf7+ Ke6 58. Rg7 e3 59. h6 f3 60. h7 Rd2+ 61. Kc1 Rh2 62. Kd1 Rh1+ 63. Kc2 f2 0-1

[Event "Mediterranean-ch 13th"]
[Site "Platja d'Aro"]
[Date "2023.11.05"]
[Round "2"]
[White "Giro Castellet, Esteve"]
[Black "Alonso Gimenez, Mauro"]
[Result "0-1"]
[WhiteElo "1633"]
[BlackElo "1933"]
[PlyCount "84"]
[EventDate "2023.11.04"]
[EventType "swiss"]
[EventRounds "9"]
[EventCountry "ESP"]
[SourceTitle "CB46_2023"]
[SourceDate "2023.11.15"]
[SourceVersion "1"]
[SourceVersionDate "2023.11.15"]
[SourceQuality "1"]

1. d4 Nf6 2. c4 e5 3. dxe5 Ne4 4. Nf3 Nc6 5. Qd5 Nc5 6. a3 d6 7. Bf4 Be6 8. Qd1 dxe5 9. Qxd8+ Rxd8 10. Bxe5 Nb3 11. Ra2 Nxe5 12. Nxe5 f6 13. Nf3 Bxc4 14. e3 Bf7 15. Nc3 Be7 16. Be2 0-0 17. Bd1 Nc1 18. Ra1 Nd3+ 19. Kf1 Nxb2 20. Be2 Nc4 21. g3 a6 22. Kg2 b5 23. Nd4 Bc5 24. Rhd1 Rd6 25. Bf3 Bxd4 26. Rxd4 Rxd4 27. exd4 Rd8 28. d5 Nd2 29. Bg4 Kf8 30. Be6 Bxe6 31. dxe6 Ke7 32. Ne2 Kxe6 33. Nf4+ Kf7 34. Rd1 c5 35. Ne2 c4 36. f4 a5 37. Nc3 b4 38. axb4 axb4 39. Nb1 c3 40. Nxc3 bxc3 41. Rc1 Rc8 42. Kf2 c2 0-1

[Event "Mediterranean-ch 13th"]
[Site "Platja d'Aro"]
[Date "2023.11.04"]
[Round "1"]
[White "Alonso Gimenez, Mauro"]
[Black "Trepat Herranz, Joan"]
[Result "0-1"]
[WhiteElo "1933"]
[BlackElo "2385"]
[PlyCount "70"]
[EventDate "2023.11.04"]
[EventType "swiss"]
[EventRounds "9"]
[EventCountry "ESP"]
[SourceTitle "CB46_2023"]
[SourceDate "2023.11.15"]
[SourceVersion "1"]
[SourceVersionDate "2023.11.15"]
[SourceQuality "1"]

1. e4 c5 2. Nc3 d6 3. Bb5+ Bd7 4. Bxd7+ Qxd7 5. f4 Nc6 6. Nf3 g6 7. d3 Bg7 8. 0-0 Nf6 9. Bd2 0-0 10. Qe1 Nd4 11. Rc1 b5 12. Ne2 Nxe2+ 13. Qxe2 c4 14. Bc3 cxd3 15. cxd3 a5 16. Bxf6 Bxf6 17. d4 Rfc8 18. e5 Bg7 19. Qe4 e6 20. d5 dxe5 21. dxe6 Qxe6 22. fxe5 Rxc1 23. Qxa8+ Qc8 24. Qxc8+ Rxc8 25. b3 b4 26. h3 Rc5 27. Rd1 Bxe5 28. Nxe5 Rxe5 29. Kf2 h5 30. Kf3 Kg7 31. Rd6 Rf5+ 32. Ke3 Rg5 33. Kf3 Rc5 34. Ra6 g5 35. Ke4 f6 0-1

[Event "Mislata op 56th"]
[Site "Mislata"]
[Date "2023.08.17"]
[Round "5"]
[White "Torosyan Saghatelyan, Arturo"]
[Black "Alonso Gimenez, Mauro"]
[Result "0-1"]
[WhiteElo "1671"]
[BlackElo "1927"]
[PlyCount "78"]
[EventDate "2023.08.14"]
[EventType "swiss"]
[EventRounds "9"]
[EventCountry "ESP"]
[SourceTitle "CBM 215 Extra"]
[Source "ChessBase"]
[SourceDate "2023.09.30"]
[SourceVersion "1"]
[SourceVersionDate "2023.09.30"]
[SourceQuality "1"]

1. c4 e5 2. Nc3 Nc6 3. g3 Bc5 4. Bg2 d6 5. e3 a6 6. Nge2 Ba7 7. 0-0 h5 8. d4 h4 9. b4 hxg3 10. hxg3 Qg5 11. f4 Qh5 12. fxe5 Qh2+ 13. Kf2 Bh3 14. Nf4 Bxg2 15. Nxg2 dxe5 16. d5 Nd4 17. exd4 Bxd4+ 18. Be3 Bxe3+ 19. Kxe3 Qxg2 20. Qf3 Qxf3+ 21. Rxf3 Nf6 22. Ne4 Nxe4 23. Kxe4 f6 24. c5 Ke7 25. Rd1 Rad8 26. Rfd3 Rh3 27. Rg1 g6 28. Rgd1 Rd7 29. R1d2 Rh1 30. Rd1 Rh5 31. R1d2 Rg5 32. Rh2 Rg4+ 33. Kf3 e4+ 34. Kxg4 exd3 35. Rh7+ Kf8 36. Rxd7 d2 37. d6 d1Q+ 38. Kh3 Qh1+ 39. Kg4 Qh5+ 0-1

[Event "Mislata op 56th"]
[Site "Mislata"]
[Date "2023.08.15"]
[Round "2"]
[White "Alonso Gimenez, Mauro"]
[Black "Radnai, Adam"]
[Result "0-1"]
[WhiteElo "1927"]
[BlackElo "2257"]
[PlyCount "106"]
[EventDate "2023.08.14"]
[EventType "swiss"]
[EventRounds "9"]
[EventCountry "ESP"]
[SourceTitle "CBM 215 Extra"]
[Source "ChessBase"]
[SourceDate "2023.09.30"]
[SourceVersion "1"]
[SourceVersionDate "2023.09.30"]
[SourceQuality "1"]

1. e4 c5 2. Nc3 g6 3. Bc4 Bg7 4. Qf3 e6 5. Nb5 d6 6. Qg3 Ke7 7. d3 a6 8. Nc3 Nc6 9. Nge2 b5 10. Bb3 Nf6 11. 0-0 Kf8 12. f4 d5 13. Qf3 c4 14. dxc4 dxc4 15. f5 Ne5 16. Qf2 Nfg4 17. Qg3 exf5 18. h3 Qb6+ 19. Kh1 h5 20. Nd5 Qa7 21. Ba4 Kg8 22. exf5 Bxf5 23. Bg5 Re8 24. Rad1 bxa4 25. Nd4 Be6 26. Nxe6 Rxe6 27. Qh4 f5 28. Nf4 Re8 29. Nd5 Kf7 30. Qg3 Qc5 31. Nc3 Nf6 32. Be3 Qc6 33. Bf4 h4 34. Qh2 Nh5 35. Rde1 Nxf4 36. Qxf4 Bf6 37. Rd1 Rd8 38. Rde1 Rde8 39. Rd1 Kg7 40. Rd5 Nf7 41. Ra5 Re6 42. Rxa4 Rc8 43. Ra5 Qc7 44. Rxf5 gxf5 45. Qxf5 Qe5 46. Qg4+ Kf8 47. Qg6 Qg5 48. Qh7 Rce8 49. Kh2 Re1 50. Rf3 Be5+ 51. g3 Qd2+ 52. Ne2 Qxe2+ 53. Rf2 Qxf2# 0-1

[Event "Mislata op 56th"]
[Site "Mislata"]
[Date "2023.08.14"]
[Round "1"]
[White "Renteria Becerra, Jorge Elicer"]
[Black "Alonso Gimenez, Mauro"]
[Result "1-0"]
[WhiteElo "2210"]
[BlackElo "1927"]
[PlyCount "95"]
[EventDate "2023.08.14"]
[EventType "swiss"]
[EventRounds "9"]
[EventCountry "ESP"]
[SourceTitle "CBM 215 Extra"]
[Source "ChessBase"]
[SourceDate "2023.09.30"]
[SourceVersion "1"]
[SourceVersionDate "2023.09.30"]
[SourceQuality "1"]

1. e4 c5 2. Nf3 Nc6 3. d4 cxd4 4. Nxd4 e5 5. Nb5 d6 6. N1c3 a6 7. Na3 Be7 8. Nd5 Nf6 9. Nxf6+ Bxf6 10. Nc4 0-0 11. Be3 b5 12. Nb6 Rb8 13. Nxc8 Rxc8 14. Qd2 Qe7 15. a4 Nd4 16. Bd3 d5 17. 0-0 Rfd8 18. Bxd4 dxe4 19. Bxe4 Rxd4 20. Qe3 Rcd8 21. axb5 axb5 22. c3 Rd2 23. Ra7 Qd6 24. b4 Qe6 25. Qf3 Qc4 26. g3 Re2 27. Bc6 e4 28. Qh5 Ra2 29. Rxa2 Qxa2 30. Bxe4 g6 31. Qxb5 Bxc3 32. Qc5 Qb2 33. b5 Bd4 34. Qc7 Re8 35. Bd5 Rf8 36. Bc6 Be5 37. Qe7 Bf6 38. Qe3 Rd8 39. Qf4 Rd2 40. Qf3 Bd4 41. Bd5 Bf6 42. Bb3 Qd4 43. Qc6 Qb2 44. Qe8+ Kg7 45. Qxf7+ Kh6 46. b6 Rd3 47. Bc4 Rd6 48. Qf8+ 1-0

[Event "Santa Eugenia op 17th"]
[Site "Santa Eugenia"]
[Date "2023.08.03"]
[Round "7"]
[White "Alonso Gimenez, Mauro"]
[Black "Valle Luis, Liam"]
[Result "1/2-1/2"]
[WhiteElo "1978"]
[BlackElo "1632"]
[PlyCount "78"]
[EventDate "2023.07.31"]
[EventType "swiss"]
[EventRounds "9"]
[EventCountry "ESP"]
[SourceTitle "CBM 215 Extra"]
[Source "ChessBase"]
[SourceDate "2023.09.30"]
[SourceVersion "1"]
[SourceVersionDate "2023.09.30"]
[SourceQuality "1"]

1. e4 e5 2. d4 exd4 3. Qxd4 Nc6 4. Qe3 Nf6 5. Nc3 Bb4 6. Bd2 0-0 7. 0-0-0 Re8 8. Qf4 Bxc3 9. Bxc3 Rxe4 10. Qg3 d5 11. f3 Re6 12. Ne2 Rd6 13. Nd4 Nxd4 14. Bxd4 Bf5 15. Qf2 b6 16. g4 Bg6 17. h4 h5 18. g5 Nd7 19. Qg3 Qf8 20. Be3 Re8 21. Bf4 Rc6 22. Rh2 Qc5 23. Qf2 Qa5 24. Kb1 Bxc2+ 25. Qxc2 Rxc2 26. Rxc2 Re1 27. Rdc1 Rxc1+ 28. Rxc1 Qa4 29. Bg3 c5 30. Bd3 g6 31. Re1 Nf8 32. Bc2 Qc6 33. Re7 Ne6 34. Be5 Nd4 35. Rxa7 Qe8 36. f4 Nf3 37. Ba4 Qf8 38. Bf6 b5 39. Bxb5 Qc8 1/2-1/2

[Event "Santa Eugenia op 17th"]
[Site "Santa Eugenia"]
[Date "2023.08.01"]
[Round "4"]
[White "Muratet Casadevall, Albert"]
[Black "Alonso Gimenez, Mauro"]
[Result "0-1"]
[WhiteElo "2064"]
[BlackElo "1978"]
[PlyCount "64"]
[EventDate "2023.07.31"]
[EventType "swiss"]
[EventRounds "9"]
[EventCountry "ESP"]
[SourceTitle "CBM 215 Extra"]
[Source "ChessBase"]
[SourceDate "2023.09.30"]
[SourceVersion "1"]
[SourceVersionDate "2023.09.30"]
[SourceQuality "1"]

1. e4 e5 2. Nf3 Nc6 3. d4 exd4 4. Nxd4 Bb4+ 5. c3 Bc5 6. Nb3 Bb6 7. Qe2 d6 8. Be3 Qe7 9. N1d2 Nf6 10. 0-0-0 Bd7 11. f3 0-0-0 12. Nc4 Rhe8 13. Nxb6+ axb6 14. Bg5 h6 15. Bxf6 Qxf6 16. Qc2 Qg5+ 17. Kb1 f5 18. exf5 Bxf5 19. Bd3 Bxd3 20. Rxd3 Re7 21. g3 Rde8 22. Rhd1 Qh5 23. Nd4 Nxd4 24. cxd4 Re2 25. Qa4 Qxh2 26. R3d2 Qh5 27. Qa8+ Kd7 28. Qa4+ Kc8 29. Rxe2 Rxe2 30. Qa8+ Kd7 31. d5 Qxf3 32. Rc1 Qxd5 0-1

[Event "Santa Eugenia op 17th"]
[Site "Santa Eugenia"]
[Date "2023.07.31"]
[Round "1"]
[White "Alonso Gimenez, Mauro"]
[Black "Fontan Siver, Carles"]
[Result "1-0"]
[WhiteElo "1978"]
[BlackElo "1469"]
[PlyCount "49"]
[EventDate "2023.07.31"]
[EventType "swiss"]
[EventRounds "9"]
[EventCountry "ESP"]
[SourceTitle "CBM 215 Extra"]
[Source "ChessBase"]
[SourceDate "2023.09.30"]
[SourceVersion "1"]
[SourceVersionDate "2023.09.30"]
[SourceQuality "1"]

1. e4 e5 2. d4 exd4 3. Qxd4 Nc6 4. Qe3 Nf6 5. Nc3 Bb4 6. Bd2 0-0 7. 0-0-0 Re8 8. Qf4 d6 9. f3 Be6 10. a3 Bc5 11. g4 a6 12. g5 Nd7 13. Qg3 b5 14. f4 Nb6 15. f5 Bd7 16. f6 Ne5 17. fxg7 b4 18. axb4 Bxb4 19. Nf3 Nbc4 20. Bxc4 Nxc4 21. Nd5 Bxd2+ 22. Nxd2 Nxd2 23. Nf6+ Kxg7 24. Qh4 Rh8 25. Qh6# 1-0

[Event "ESP-ch U12 rapid"]
[Site "Salobrena"]
[Date "2023.07.16"]
[Round "6"]
[White "Odriozola Coscolin, Dani"]
[Black "Alonso Gimenez, Mauro"]
[Result "1/2-1/2"]
[WhiteElo "1561"]
[BlackElo "1836"]
[PlyCount "70"]
[EventDate "2023.07.15"]
[EventType "swiss (rapid)"]
[EventRounds "9"]
[EventCountry "ESP"]
[SourceTitle "EXT 2024"]
[Source "ChessBase"]
[SourceDate "2023.10.10"]
[SourceVersion "1"]
[SourceVersionDate "2023.10.10"]
[SourceQuality "1"]

1. e4 e5 2. Nf3 Nc6 3. Bc4 Nf6 4. d3 Bc5 5. c3 d6 6. Nbd2 Bb6 7. a4 0-0 8. 0-0 a6 9. h3 Ne7 10. Re1 Ng6 11. Nf1 Be6 12. Qb3 Qe7 13. Ng3 Qd7 14. Bxe6 fxe6 15. d4 Kh8 16. dxe5 Nxe5 17. Nxe5 dxe5 18. Be3 Bxe3 19. Rxe3 Qc6 20. Rd1 Rad8 21. Kh2 Nd7 22. f3 Nc5 23. Rxd8 Rxd8 24. Qc4 Nxa4 25. Qxc6 bxc6 26. Re2 g6 27. Nf1 Rb8 28. b4 Nxc3 29. Rc2 Nb5 30. Rxc6 Nd4 31. Rc4 c6 32. Ne3 Kg7 33. Ng4 Rb5 34. f4 Ne2 35. fxe5 Rb6 1/2-1/2

[Event "ESP-ch U12 rapid"]
[Site "Salobrena"]
[Date "2023.07.15"]
[Round "3"]
[White "Alonso Gimenez, Mauro"]
[Black "Xia, Zhe"]
[Result "1-0"]
[WhiteElo "1836"]
[BlackElo "1483"]
[PlyCount "53"]
[EventDate "2023.07.15"]
[EventType "swiss (rapid)"]
[EventRounds "9"]
[EventCountry "ESP"]
[SourceTitle "EXT 2024"]
[Source "ChessBase"]
[SourceDate "2023.10.10"]
[SourceVersion "1"]
[SourceVersionDate "2023.10.10"]
[SourceQuality "1"]

1. e4 e5 2. Nf3 Nc6 3. Bc4 Bc5 4. d3 d6 5. c3 Nf6 6. 0-0 0-0 7. h3 Be6 8. Bb5 a6 9. Ba4 h6 10. Nbd2 b5 11. Bc2 Qd7 12. Re1 Bb6 13. Nf1 Nh5 14. d4 exd4 15. cxd4 Bc4 16. Ne3 Nf6 17. b3 Ba5 18. Bd2 Bxd2 19. Qxd2 Be6 20. d5 Ne5 21. Nxe5 dxe5 22. Qe2 Bxh3 23. gxh3 Nh7 24. Qg4 Qd8 25. Nf5 Qf6 26. Kh1 Qg6 27. Ne7+ 1-0

[Event "ESP-ch U12"]
[Site "Salobrena"]
[Date "2023.07.14"]
[Round "7"]
[White "Alonso Gimenez, Mauro"]
[Black "Ibanez Koblash, Daniel"]
[Result "1/2-1/2"]
[WhiteElo "1978"]
[BlackElo "1709"]
[PlyCount "95"]
[EventDate "2023.07.10"]
[EventType "swiss"]
[EventRounds "9"]
[EventCountry "ESP"]
[SourceTitle "EXT 2024"]
[Source "ChessBase"]
[SourceDate "2023.10.10"]
[SourceVersion "1"]
[SourceVersionDate "2023.10.10"]
[SourceQuality "1"]

1. e4 e5 2. d4 exd4 3. Qxd4 Nc6 4. Qe3 Bb4+ 5. Nc3 Nf6 6. Bd2 0-0 7. 0-0-0 d6 8. f3 Bc5 9. Qf4 Ne7 10. g4 Ng6 11. Qg3 c6 12. h4 b5 13. h5 Nh8 14. Bg5 h6 15. Bd2 Nh7 16. Nh3 f6 17. f4 Nf7 18. Be2 a5 19. Qg2 Qe7 20. Bd3 a4 21. Rhe1 b4 22. Nb1 Qe6 23. f5 Qxa2 24. Qe2 Ne5 25. Bf4 Kh8 26. Bxe5 dxe5 27. Bc4 Qa1 28. Rf1 a3 29. bxa3 bxa3 30. Kd2 a2 31. Nc3 Rd8+ 32. Bd3 Qb2 33. Nxa2 Rxa2 34. Ke1 Qc3+ 35. Qd2 Qxd2+ 36. Kxd2 Ba6 37. Rf3 Rxd3+ 38. Rxd3 Bxd3 39. Kxd3 Ra3+ 40. Kc4 Rxh3 41. Kxc5 Ng5 42. Kxc6 Rc3+ 43. Kd7 Rxc2 44. Ke7 Nxe4 45. Kf7 Rc7+ 46. Kg6 Rc8 47. g5 Nxg5 48. Rd8+ 1/2-1/2

[Event "ESP-ch U12"]
[Site "Salobrena"]
[Date "2023.07.10"]
[Round "1"]
[White "Mengual Brotons, Jesus"]
[Black "Alonso Gimenez, Mauro"]
[Result "0-1"]
[WhiteElo "1283"]
[BlackElo "1978"]
[PlyCount "52"]
[EventDate "2023.07.10"]
[EventType "swiss"]
[EventRounds "9"]
[EventCountry "ESP"]
[SourceTitle "EXT 2024"]
[Source "ChessBase"]
[SourceDate "2023.10.10"]
[SourceVersion "1"]
[SourceVersionDate "2023.10.10"]
[SourceQuality "1"]

1. d4 d5 2. Bf4 Nf6 3. e3 e6 4. Nf3 c5 5. Nbd2 Bd6 6. Bg3 Qc7 7. Bd3 Nbd7 8. Bxd6 Qxd6 9. c3 0-0 10. 0-0 e5 11. dxe5 Nxe5 12. Nxe5 Qxe5 13. Qc2 Bd7 14. Rae1 Bc6 15. f4 Qd6 16. b3 b5 17. Rd1 Rae8 18. Rf3 h6 19. e4 dxe4 20. Nxe4 Nxe4 21. Re3 Qxf4 22. Rde1 Nf6 23. Rxe8 Rxe8 24. Rf1 Qe3+ 25. Kh1 Rd8 26. Rf3 Bxf3 0-1

[Event "Foment Martinenc op-A 23rd"]
[Site "Barcelona"]
[Date "2023.06.10"]
[Round "8"]
[White "Alonso Gimenez, Mauro"]
[Black "Jove Albaiges, Guillem"]
[Result "1/2-1/2"]
[WhiteElo "1925"]
[BlackElo "1971"]
[PlyCount "121"]
[EventDate "2023.04.22"]
[EventType "swiss"]
[EventRounds "9"]
[EventCountry "ESP"]
[SourceTitle "EXT 2024"]
[Source "ChessBase"]
[SourceDate "2023.10.10"]
[SourceVersion "1"]
[SourceVersionDate "2023.10.10"]
[SourceQuality "1"]

1. e4 c5 2. Nf3 d6 3. d4 cxd4 4. Nxd4 Nf6 5. Nc3 g6 6. Bc4 Nc6 7. Nb3 Bg7 8. 0-0 0-0 9. Re1 Bd7 10. Nd5 Rc8 11. Bf1 Ne5 12. Bg5 Nxd5 13. exd5 h6 14. Be3 Nc4 15. Bxc4 Rxc4 16. c3 Re8 17. Qd2 Kh7 18. Bd4 Bxd4 19. Nxd4 Qa5 20. Nb3 Qc7 21. Re3 a5 22. Rae1 Bc8 23. Nd4 Rc5 24. Nb3 Rc4 25. Qe2 a4 26. Nd4 Rc5 27. c4 Rxc4 28. Nb5 Qc5 29. Rxe7 Rxe7 30. Qxe7 Rf4 31. Qe3 Qxb5 32. Qxf4 Qxd5 33. Qxa4 Qd2 34. Qd1 Qxb2 35. Qxd6 Qxa2 36. h3 Be6 37. Rd1 Qb2 38. Rd4 Qc3 39. Kh2 b5 40. h4 h5 41. Qf4 Bc4 42. g4 hxg4 43. h5 Qh3+ 44. Kg1 Qxh5 45. Rxc4 bxc4 46. Qxf7+ Kh8 47. Qf8+ Kh7 48. Qf7+ Kh6 49. Qxc4 Qf5 50. Qd4 g5 51. Qh8+ Qh7 52. Qxh7+ Kxh7 53. Kg2 Kg6 54. Kg3 Kf5 55. f3 gxf3 56. Kxf3 g4+ 57. Kg3 Kg5 58. Kg2 Kh6 59. Kg3 Kh5 60. Kg2 Kh4 61. Kh2 1/2-1/2

[Event "Foment Martinenc op-A 23rd"]
[Site "Barcelona"]
[Date "2023.06.03"]
[Round "7"]
[White "Prada Villagrasa, Adria"]
[Black "Alonso Gimenez, Mauro"]
[Result "0-1"]
[WhiteElo "1744"]
[BlackElo "1925"]
[PlyCount "80"]
[EventDate "2023.04.22"]
[EventType "swiss"]
[EventRounds "9"]
[EventCountry "ESP"]
[SourceTitle "EXT 2024"]
[Source "ChessBase"]
[SourceDate "2023.10.10"]
[SourceVersion "1"]
[SourceVersionDate "2023.10.10"]
[SourceQuality "1"]

1. e4 e5 2. Nf3 Nc6 3. Bc4 Nf6 4. Ng5 d5 5. exd5 Nd4 6. h3 b5 7. Bd3 Qxd5 8. f3 Bf5 9. Nc3 Qd7 10. Nge4 Be7 11. 0-0 b4 12. Nxf6+ gxf6 13. Bxf5 Nxf5 14. Ne4 Rd8 15. c3 Ne3 16. Qe2 Nxf1 17. Kxf1 bxc3 18. bxc3 f5 19. Ng3 Qe6 20. Rb1 Rg8 21. Nh5 f4 22. Rb5 Rg5 23. Ng7+ Rxg7 24. Rxe5 Qd6 25. d4 Rb8 26. Bxf4 Rb1+ 27. Kf2 Qa3 28. Bc1 Qd6 29. Bf4 Kf8 30. g3 Qa3 31. Rb5 Rxb5 32. Qxb5 Qxa2+ 33. Kg1 Rg6 34. Qb8+ Kg7 35. Qxc7 Rb6 36. Bc1 Qc2 37. Qe5+ Bf6 38. Qf4 Rb1 39. Qg4+ Qg6 40. Qf4 Qg5 0-1

[Event "Foment Martinenc op-A 23rd"]
[Site "Barcelona"]
[Date "2023.05.06"]
[Round "3"]
[White "Perez Vidal, Ian"]
[Black "Alonso Gimenez, Mauro"]
[Result "0-1"]
[WhiteElo "1765"]
[BlackElo "1925"]
[PlyCount "62"]
[EventDate "2023.04.22"]
[EventType "swiss"]
[EventRounds "9"]
[EventCountry "ESP"]
[SourceTitle "EXT 2024"]
[Source "ChessBase"]
[SourceDate "2023.10.10"]
[SourceVersion "1"]
[SourceVersionDate "2023.10.10"]
[SourceQuality "1"]

1. e4 c5 2. Nf3 Nc6 3. d4 cxd4 4. Nxd4 e5 5. Nb5 d6 6. N1c3 a6 7. Na3 Be7 8. Nd5 Nf6 9. Be3 Nxd5 10. exd5 Nd4 11. Bxd4 exd4 12. Qxd4 0-0 13. 0-0-0 Bf6 14. Qb4 b5 15. c3 Rb8 16. Qb3 Qb6 17. f3 Bf5 18. Nc2 Qf2 19. g4 Bg5+ 20. Kb1 Qxf3 21. Be2 Qxe2 22. gxf5 Bf6 23. Nb4 a5 24. Nc6 a4 25. Qc2 Rbe8 26. Qxe2 Rxe2 27. Rde1 Rfe8 28. Ref1 a3 29. bxa3 Bxc3 30. Na7 Rb2+ 31. Ka1 Rb3# 0-1

[Event "Foment Martinenc op-A 23rd"]
[Site "Barcelona"]
[Date "2023.04.22"]
[Round "1"]
[White "Alonso Gimenez, Mauro"]
[Black "Romero Gamez, Francisco Javier"]
[Result "0-1"]
[WhiteElo "1925"]
[BlackElo "1561"]
[PlyCount "130"]
[EventDate "2023.04.22"]
[EventType "swiss"]
[EventRounds "9"]
[EventCountry "ESP"]
[SourceTitle "EXT 2024"]
[Source "ChessBase"]
[SourceDate "2023.10.10"]
[SourceVersion "1"]
[SourceVersionDate "2023.10.10"]
[SourceQuality "1"]

1. e4 e5 2. Nf3 Nc6 3. Bc4 Bc5 4. d3 Nge7 5. 0-0 d6 6. c3 Bg4 7. Nbd2 0-0 8. Re1 a6 9. Bb3 Kh8 10. Nf1 f5 11. N1d2 Ng6 12. h3 Bxf3 13. Nxf3 fxe4 14. dxe4 Nh4 15. Ng5 Bxf2+ 16. Kh2 Bxe1 17. Nxh7 Nf3+ 18. gxf3 Qh4 19. Ng5 Bg3+ 20. Kg2 Bf4 21. Bxf4 Rxf4 22. Ne6 Rf6 23. Qe1 Rg6+ 24. Kh2 Qxe1 25. Rxe1 Rc8 26. h4 Na5 27. Ng5 Nxb3 28. axb3 Rf8 29. b4 Rf4 30. Kg3 Kg8 31. b5 axb5 32. Ra1 Rf8 33. Ra7 Rb8 34. b4 Kf8 35. Kg4 Ke7 36. Ra5 c6 37. Ra7 Rf6 38. Ra1 Rf4+ 39. Kg3 d5 40. Nh3 Rf6 41. exd5 cxd5 42. Rd1 Rd6 43. Re1 Kf6 44. Ng5 Rc6 45. Re3 Rd8 46. Rd3 d4 47. f4 exf4+ 48. Kxf4 Rc4 49. Kf3 Ke7 50. cxd4 Rdxd4 51. Re3+ Kd7 52. Ne6 Rxh4 53. Nc5+ Rxc5 54. bxc5 Rh3+ 55. Ke4 Rxe3+ 56. Kxe3 Kc6 57. Kd4 g5 58. Ke5 b4 59. Ke6 b3 60. Ke7 b2 61. Kd8 b1Q 62. Kc8 Qf5+ 63. Kb8 Qxc5 64. Ka8 Kb6 65. Kb8 Qf8# 0-1

[Event "ESP-ch U12 Rapid"]
[Site "Salobrena"]
[Date "2022.07.17"]
[Round "5"]
[White "Roig Roig, Pau"]
[Black "Alonso Gimenez, Mauro"]
[Result "0-1"]
[WhiteElo "1281"]
[BlackElo "1456"]
[PlyCount "98"]
[EventDate "2022.07.09"]
[EventType "swiss (rapid)"]
[EventRounds "9"]
[EventCountry "ESP"]
[SourceTitle "EXT 2023"]
[Source "ChessBase"]
[SourceDate "2022.10.05"]
[SourceVersion "1"]
[SourceVersionDate "2022.10.05"]
[SourceQuality "1"]

1. e4 e5 2. Nf3 Nc6 3. d4 exd4 4. Nxd4 Bc5 5. Nf5 Qf6 6. Nc3 Bb4 7. Bd2 g6 8. Ne3 Nge7 9. a3 Ba5 10. Ned5 Nxd5 11. Nxd5 Bxd2+ 12. Qxd2 Qxb2 13. Qc3 Qxc3+ 14. Nxc3 d6 15. Nd5 Kd8 16. Rd1 Be6 17. Bc4 Na5 18. Ba2 c6 19. Nc3 Bxa2 20. Nxa2 Kc7 21. a4 Rhe8 22. Nc3 d5 23. f3 Nc4 24. Kf2 dxe4 25. Nxe4 f5 26. Nc3 Ne3 27. Rd2 f4 28. Re1 Rad8 29. Rxd8 Rxd8 30. Re2 Nd1+ 31. Nxd1 Rxd1 32. Re7+ Rd7 33. Re2 Kb6 34. Re4 Rd2+ 35. Kg1 Rxc2 36. Rxf4 c5 37. Rh4 h5 38. Re4 c4 39. Re6+ Ka5 40. Rxg6 c3 41. Rg7 Kxa4 42. Rxb7 a5 43. Rb1 Rb2 44. Ra1+ Kb4 45. Re1 c2 46. Re4+ Kb3 47. Re3+ Ka2 48. h3 c1Q+ 49. Kh2 Qxe3 0-1